[Event "Florianopolis op 4th"]
[Site "Florianopolis"]
[Date "2018.01.21"]
[Round "4"]
[White "De Oliveira, Licio Lopes"]
[Black "Peixoto, Helio Ricardo Souti"]
[Result "0-1"]
[WhiteElo "1639"]
[BlackElo "1955"]
[PlyCount "68"]
[EventDate "2018.01.19"]
[EventType "swiss"]
[EventRounds "10"]
[EventCountry "BRA"]
[SourceTitle "EXT 2019"]
[Source "ChessBase"]
[SourceDate "2018.10.10"]
[SourceVersion "1"]
[SourceVersionDate "2018.10.10"]
[SourceQuality "1"]

1. e4 c5 2. Nf3 d6 3. Be2 Nf6 4. d3 b5 5. 0-0 e6 6. c3 Be7 7. h3 0-0 8. Nh2 Bb7 9. f4 c4 10. e5 cxd3 11. Bxd3 Ne4 12. Qf3 Nc5 13. Qe2 dxe5 14. Bxb5 e4 15. Be3 a6 16. Bc4 Nc6 17. Rd1 Qc7 18. Qh5 g6 19. Qe2 Na5 20. b4 Nxc4 21. Qxc4 Bd5 22. Qe2 Nd3 23. Rxd3 exd3 24. Qxd3 Rfd8 25. Qe2 Bc4 26. Qe1 Rd3 27. Na3 Rad8 28. Nxc4 Qxc4 29. Bd4 Bxb4 30. Qe5 R3xd4 31. cxd4 Bc3 32. Rd1 Bxd4+ 33. Rxd4 Qxd4+ 34. Qxd4 Rxd4 0-1

[Event "Sao Bento do Sul op 08"]
[Site "Sao Bento do Sul"]
[Date "2017.08.19"]
[Round "2"]
[White "Santa Isabel, Marivaldo dos Reis"]
[Black "De Oliveira, Licio Lopes"]
[Result "1/2-1/2"]
[WhiteElo "1579"]
[BlackElo "1643"]
[PlyCount "34"]
[EventDate "2017.08.18"]
[EventType "swiss"]
[EventRounds "6"]
[EventCountry "BRA"]
[SourceTitle "EXT 2019"]
[Source "ChessBase"]
[SourceDate "2018.10.10"]
[SourceVersion "1"]
[SourceVersionDate "2018.10.10"]
[SourceQuality "1"]

1. e4 e5 2. Nf3 Nc6 3. Bb5 d6 4. Bxc6+ bxc6 5. 0-0 Be7 6. d4 exd4 7. Nxd4 Bd7 8. Nc3 Nf6 9. f4 c5 10. Nf3 0-0 11. e5 Ng4 12. h3 Nh6 13. Nd5 Bb5 14. Nxe7+ Qxe7 15. Re1 Nf5 16. exd6 Qxd6 17. Qxd6 cxd6 1/2-1/2

[Event "Sao Bento do Sul op 06"]
[Site "Sao Bento do Sul"]
[Date "2017.06.10"]
[Round "5"]
[White "Da Silva Junior, Marco Aurelio"]
[Black "De Oliveira, Licio Lopes"]
[Result "1-0"]
[WhiteElo "1712"]
[BlackElo "1652"]
[PlyCount "49"]
[EventDate "2017.06.09"]
[EventType "swiss"]
[EventRounds "6"]
[EventCountry "BRA"]
[SourceTitle "EXT 2019"]
[Source "ChessBase"]
[SourceDate "2018.10.10"]
[SourceVersion "1"]
[SourceVersionDate "2018.10.10"]
[SourceQuality "1"]

1. Nf3 f5 2. g3 Nf6 3. Bg2 e6 4. b3 d5 5. Bb2 Be7 6. 0-0 0-0 7. d3 c6 8. Nbd2 Nbd7 9. Re1 Qc7 10. c4 f4 11. Qc2 fxg3 12. fxg3 Ng4 13. e4 dxe4 14. Nxe4 Ndf6 15. Neg5 Nh5 16. d4 Bxg5 17. Nxg5 g6 18. Bf3 Rxf3 19. Nxf3 Bd7 20. Qc3 Nhf6 21. Re2 Rf8 22. Rae1 h6 23. Nh4 Kh7 24. Qd3 Rg8 25. h3 1-0

[Event "Sao Bento do Sul op 06"]
[Site "Sao Bento do Sul"]
[Date "2017.06.09"]
[Round "2"]
[White "De Oliveira, Licio Lopes"]
[Black "Salvadego, Erika Giovana De O"]
[Result "1-0"]
[WhiteElo "1652"]
[BlackElo "1170"]
[PlyCount "46"]
[EventDate "2017.06.09"]
[EventType "swiss"]
[EventRounds "6"]
[EventCountry "BRA"]
[SourceTitle "EXT 2019"]
[Source "ChessBase"]
[SourceDate "2018.10.10"]
[SourceVersion "1"]
[SourceVersionDate "2018.10.10"]
[SourceQuality "1"]

1. f4 d5 2. d4 Nf6 3. Nf3 e6 4. e3 Be7 5. Bd3 Nbd7 6. 0-0 c5 7. c3 c4 8. Bc2 b5 9. Ne5 Bb7 10. Qf3 0-0 11. Nd2 h6 12. Qh3 a5 13. Rf3 b4 14. Rg3 Kh8 15. Ndf3 Ne4 16. Bxe4 dxe4 17. Nxd7 Qxd7 18. Ne5 Qc7 19. Bd2 Rac8 20. Rf1 f5 21. Ng6+ Kh7 22. Nxf8+ Rxf8 23. Qh5 Ba6 1-0

[Event "Sao Bento do Sul U2050 2nd"]
[Site "Sao Bento do Sul"]
[Date "2016.09.16"]
[Round "2.9"]
[White "Peixoto, Helio Ricardo Souti"]
[Black "De Oliveira, Licio Lopes"]
[Result "1-0"]
[WhiteElo "1940"]
[BlackElo "1682"]
[PlyCount "67"]
[EventDate "2016.09.16"]
[EventType "swiss"]
[EventRounds "7"]
[EventCountry "BRA"]
[SourceTitle "EXT 2022"]
[Source "ChessBase"]
[SourceDate "2021.10.06"]
[SourceVersion "1"]
[SourceVersionDate "2021.10.06"]
[SourceQuality "1"]

1. e4 e5 2. Nf3 Nc6 3. Bb5 d6 4. h3 Bd7 5. Qe2 a6 6. Ba4 b5 7. Bb3 Na5 8. 0-0 Nxb3 9. axb3 Be7 10. d4 exd4 11. Nxd4 Nf6 12. c4 c5 13. Nf5 0-0 14. Bg5 h6 15. Bh4 Re8 16. Qf3 Kh7 17. Nc3 g5 18. Bg3 b4 19. Nd5 Bxf5 20. Qxf5+ Kg8 21. Rad1 Nh5 22. Qf3 Nxg3 23. fxg3 Rf8 24. e5 Kg7 25. Nxe7 Qxe7 26. exd6 Qe5 27. Rd2 Rad8 28. d7 f5 29. Rd5 Qxb2 30. Qe3 Rf7 31. Qe8 Rf8 32. Qe7+ Kg8 33. Qe6+ Kg7 34. Qe7+ 1-0

[Event "Curitiba op"]
[Site "Curitiba"]
[Date "2016.04.22"]
[Round "4.24"]
[White "De Oliveira, Licio Lopes"]
[Black "Deus Filho, Joaquim"]
[Result "0-1"]
[WhiteElo "1673"]
[BlackElo "2030"]
[PlyCount "70"]
[EventDate "2016.04.21"]
[EventType "swiss"]
[EventRounds "7"]
[EventCountry "BRA"]
[SourceTitle "EXT 2022"]
[Source "ChessBase"]
[SourceDate "2021.10.06"]
[SourceVersion "1"]
[SourceVersionDate "2021.10.06"]
[SourceQuality "1"]

1. e4 c5 2. Nf3 d6 3. Bc4 e6 4. 0-0 a6 5. a4 d5 6. exd5 exd5 7. Re1+ Be7 8. Be2 Nf6 9. d4 0-0 10. Ne5 Nc6 11. Bf3 Nxd4 12. c3 Nxf3+ 13. Qxf3 Be6 14. c4 Qc7 15. b3 d4 16. Bf4 Bd6 17. Nd3 Bxf4 18. Nxf4 Rfe8 19. Nd2 Rad8 20. h3 Bc8 21. Nh5 Nxh5 22. Qxh5 b6 23. Ne4 h6 24. Rad1 Qe5 25. Qh4 f5 26. f4 Qe7 27. Qxe7 Rxe7 28. Nf6+ Kf7 29. Rxe7+ Kxe7 30. Nd5+ Kf7 31. Nxb6 Bb7 32. g4 fxg4 33. hxg4 Bf3 34. Re1 d3 35. Nd5 Rxd5 0-1

[Event "Pan American Amateur-ch"]
[Site "Curitiba"]
[Date "2015.12.18"]
[Round "5"]
[White "Caribe Santos, Luiz Carlos"]
[Black "De Oliveira, Licio Lopes"]
[Result "1/2-1/2"]
[WhiteElo "1554"]
[BlackElo "1676"]
[PlyCount "60"]
[EventDate "2015.12.16"]
[EventType "swiss"]
[EventRounds "9"]
[EventCountry "BRA"]
[SourceTitle "CBM 170 Extra"]
[Source "ChessBase"]
[SourceDate "2016.02.25"]
[SourceVersion "1"]
[SourceVersionDate "2016.02.25"]
[SourceQuality "1"]

1. d4 f5 2. Nc3 d5 3. Nf3 e6 4. Bg5 Nf6 5. e3 Be7 6. Bd3 0-0 7. a3 c6 8. 0-0 Bd7 9. Ne5 Be8 10. Be2 Nbd7 11. Nd3 Ne4 12. Bxe7 Qxe7 13. Nxe4 fxe4 14. Ne1 e5 15. c3 exd4 16. cxd4 Qg5 17. Rc1 Bg6 18. Qb3 Rab8 19. f4 Qh6 20. g4 Qh3 21. Rf2 Qh4 22. g5 Bh5 23. Qd1 Bxe2 24. Qxe2 Qh3 25. Rg2 Qf5 26. Qh5 g6 27. Qh6 Rf7 28. Rg3 Nf8 29. h4 Ne6 30. Ng2 Ng7 1/2-1/2

[Event "Curitiba Sul Regional-ch"]
[Site "Curitiba"]
[Date "2015.07.11"]
[Round "3"]
[White "Acosta, Pablo Alejandro"]
[Black "De Oliveira, Licio Lopes"]
[Result "0-1"]
[WhiteElo "1980"]
[BlackElo "1650"]
[PlyCount "106"]
[EventDate "2015.07.10"]
[EventType "swiss"]
[EventRounds "6"]
[EventCountry "BRA"]
[SourceTitle "EXT 2016"]
[Source "ChessBase"]
[SourceDate "2015.10.08"]
[SourceVersion "1"]
[SourceVersionDate "2015.10.08"]
[SourceQuality "1"]

1. e4 Nc6 2. d4 e5 3. d5 Nce7 4. Nf3 d6 5. Bb5+ Bd7 6. Qd3 a6 7. Bxd7+ Qxd7 8. c4 Nf6 9. Nc3 Ng6 10. Bd2 Be7 11. g3 0-0 12. h4 Nh5 13. 0-0-0 f5 14. Ng5 f4 15. Ne6 Rf7 16. g4 Nf6 17. g5 Nh5 18. Qf3 Nf6 19. h5 Nh8 20. gxf6 Bxf6 21. Rdg1 h6 22. Rg6 Nxg6 23. hxg6 Re7 24. Ne2 c5 25. Bc3 Rxe6 26. dxe6 Qxe6 27. Qd3 Bg5 28. f3 b5 29. Rd1 b4 30. Be1 Rd8 31. a3 a5 32. Qd5 Qxd5 33. Rxd5 Kf8 34. Bf2 Ke7 35. Kc2 Ke6 36. Kb3 Ra8 37. Ka4 Be7 38. Ng1 h5 39. Nh3 Rh8 40. Rd1 Rh6 41. Rg1 Rh8 42. Be1 h4 43. Rg4 Kd7 44. Bf2 Kc6 45. Bg1 Rb8 46. Bh2 bxa3 47. Kxa3 a4 48. Bxf4 exf4 49. Rxf4 Bf6 50. Nf2 Bxb2+ 51. Ka2 Bc1 52. Rxh4 Rb2+ 53. Ka3 Rxf2+ 0-1

[Event "Curitiba Terzian Memorial op"]
[Site "Curitiba"]
[Date "2014.11.02"]
[Round "5"]
[White "Britez, G Jorge A"]
[Black "De Oliveira, Licio Lopes"]
[Result "1/2-1/2"]
[WhiteElo "1860"]
[BlackElo "1646"]
[PlyCount "47"]
[EventDate "2014.10.31"]
[EventType "swiss"]
[EventRounds "6"]
[EventCountry "BRA"]
[SourceTitle "EXT 2015"]
[Source "ChessBase"]
[SourceDate "2014.11.20"]
[SourceVersion "1"]
[SourceVersionDate "2014.11.20"]
[SourceQuality "1"]

1. e4 e5 2. Nf3 d6 3. d4 exd4 4. Qxd4 Be6 5. Bf4 c5 6. Qd2 Qb6 7. Nc3 Nd7 8. 0-0-0 0-0-0 9. Kb1 f6 10. Nd5 Bxd5 11. Qxd5 Ne5 12. Be2 Qc6 13. Qe6+ Qd7 14. Qb3 Qf7 15. Qa4 a6 16. Rd2 Ne7 17. Bxa6 bxa6 18. Qxa6+ Kc7 19. Qa7+ Kc8 20. Nxe5 fxe5 21. Bxe5 Qe6 22. Qa8+ Kc7 23. Qa7+ Kc8 24. Qa8+ 1/2-1/2

[Event "Curitiba Terzian Memorial op"]
[Site "Curitiba"]
[Date "2014.11.02"]
[Round "6"]
[White "De Oliveira, Licio Lopes"]
[Black "Almeida Junior, Alvaro Alves de"]
[Result "0-1"]
[WhiteElo "1646"]
[BlackElo "1881"]
[PlyCount "72"]
[EventDate "2014.10.31"]
[EventType "swiss"]
[EventRounds "6"]
[EventCountry "BRA"]
[SourceTitle "EXT 2015"]
[Source "ChessBase"]
[SourceDate "2014.11.20"]
[SourceVersion "1"]
[SourceVersionDate "2014.11.20"]
[SourceQuality "1"]

1. e4 c5 2. Nf3 d6 3. Bc4 e6 4. 0-0 Nf6 5. d3 Be7 6. c3 0-0 7. h3 a6 8. a4 Nc6 9. Be3 d5 10. exd5 exd5 11. Bb3 Bf5 12. Nh4 Be6 13. Nf3 Qd7 14. d4 c4 15. Bc2 Bd6 16. Ng5 Bf5 17. Nd2 h6 18. Bxf5 Qxf5 19. Ngf3 Rae8 20. Nh4 Qd7 21. Qf3 Ne7 22. Bxh6 Ne4 23. Be3 g5 24. Nxe4 dxe4 25. Qxe4 gxh4 26. Qxh4 Ng6 27. Qh6 Qf5 28. g4 Qf3 29. Rfd1 Re6 30. d5 Nf4 31. Qg5+ Rg6 32. Bxf4 Rxg5 33. Bxg5 Qxh3 34. Be3 Bh2+ 35. Kh1 Re8 36. Bd4 Bg3+ 0-1

[Event "Curitiba Terzian Memorial op"]
[Site "Curitiba"]
[Date "2014.11.01"]
[Round "3"]
[White "Silva, Cicero Tavares"]
[Black "De Oliveira, Licio Lopes"]
[Result "0-1"]
[WhiteElo "1810"]
[BlackElo "1646"]
[PlyCount "78"]
[EventDate "2014.10.31"]
[EventType "swiss"]
[EventRounds "6"]
[EventCountry "BRA"]
[SourceTitle "EXT 2015"]
[Source "ChessBase"]
[SourceDate "2014.11.20"]
[SourceVersion "1"]
[SourceVersionDate "2014.11.20"]
[SourceQuality "1"]

1. d4 f5 2. c4 Nf6 3. Nc3 c6 4. Bf4 e6 5. e3 d5 6. cxd5 exd5 7. Bg5 Be7 8. Bd3 0-0 9. Nge2 Ne4 10. Bf4 Bg5 11. 0-0 Bxf4 12. exf4 Rf6 13. f3 Nd6 14. Qc2 Rh6 15. g3 Qf6 16. Nd1 Be6 17. Qc5 Bf7 18. Ne3 Nd7 19. Qc2 Be6 20. Rac1 Re8 21. Rf2 Nf8 22. Qc5 Bc8 23. Nf1 a6 24. Qc2 Nd7 25. g4 fxg4 26. fxg4 Qh4 27. Rg2 Ne4 28. g5 Rh5 29. Bxe4 Rxe4 30. Neg3 Rxf4 31. Nxh5 Qxh5 32. Qd2 Qh4 33. Qe1 Nf8 34. Qxh4 Rxh4 35. Rd1 Ne6 36. Re1 Rxd4 37. Rge2 Kf7 38. Ng3 Nxg5 39. Rf1+ Kg6 0-1

[Event "Foz do Iguacu op 1st"]
[Site "Foz do Iguacu"]
[Date "2013.12.15"]
[Round "6"]
[White "Britez, G Jorge A"]
[Black "De Oliveira, Licio Lopes"]
[Result "1-0"]
[WhiteElo "1881"]
[BlackElo "1625"]
[PlyCount "47"]
[EventDate "2013.12.12"]
[EventType "swiss"]
[EventRounds "7"]
[EventCountry "BRA"]
[SourceTitle "CBM 158 Extra"]
[Source "ChessBase"]
[SourceDate "2014.02.28"]
[SourceVersion "1"]
[SourceVersionDate "2014.02.28"]
[SourceQuality "1"]

1. e4 g6 2. d4 Bg7 3. Nc3 d6 4. f4 e6 5. Nf3 Ne7 6. Be3 0-0 7. Qd2 d5 8. e5 b6 9. g4 Bb7 10. h4 Nbc6 11. h5 Na5 12. hxg6 fxg6 13. Ng5 h6 14. Nxe6 Qd7 15. Nxf8 Rxf8 16. Rg1 Nc4 17. Bxc4 dxc4 18. f5 gxf5 19. gxf5 Nxf5 20. 0-0-0 Kf7 21. Qe2 Ke8 22. Bf2 b5 23. Ne4 Bd5 24. Rxg7 1-0

[Event "Catarinense-ch 59th"]
[Site "Joinville"]
[Date "2013.09.21"]
[Round "5"]
[White "De Oliveira, Licio Lopes"]
[Black "Antunes, Luciano Justi"]
[Result "0-1"]
[WhiteElo "1629"]
[BlackElo "2121"]
[PlyCount "78"]
[EventDate "2013.09.19"]
[EventType "swiss"]
[EventRounds "7"]
[EventCountry "BRA"]
[SourceTitle "CBM 156 Extra"]
[Source "ChessBase"]
[SourceDate "2013.10.22"]
[SourceVersion "1"]
[SourceVersionDate "2013.10.22"]
[SourceQuality "1"]

1. e4 c5 2. f4 d6 3. Nf3 Nc6 4. Bb5 Bd7 5. 0-0 g6 6. d4 cxd4 7. Bxc6 bxc6 8. Qxd4 Qb6 9. Be3 Nf6 10. Nbd2 c5 11. Qc3 Bg7 12. Nc4 Qc7 13. e5 Nd5 14. exd6 Bxc3 15. dxc7 Nxe3 16. Nxe3 Bg7 17. Ne5 Be6 18. Nc6 Rc8 19. c3 Rxc7 20. Ne5 Bxe5 21. fxe5 0-0 22. c4 Rd8 23. Rfd1 Rd4 24. b3 Re4 25. Rd8+ Kg7 26. Nd5 Bxd5 27. cxd5 Rxe5 28. d6 exd6 29. Rxd6 Re2 30. Ra6 Rd7 31. Kh1 Rdd2 32. Rg1 Rxa2 33. Rxa2 Rxa2 34. Rb1 f5 35. g3 Kf6 36. Rc1 Ra5 37. Rc4 Rb5 38. Kg2 Ke5 39. Kf3 Rxb3+ 0-1

[Event "Sao Bento do Sul op"]
[Site "Sao Bento do Sul"]
[Date "2013.06.29"]
[Round "4"]
[White "De Oliveira, Licio Lopes"]
[Black "Bastos, Guilherme Exterhott"]
[Result "0-1"]
[WhiteElo "1621"]
[BlackElo "1937"]
[PlyCount "54"]
[EventDate "2013.06.28"]
[EventType "swiss"]
[EventRounds "6"]
[EventCountry "BRA"]
[SourceTitle "EXT 2014"]
[Source "ChessBase"]
[SourceDate "2013.11.20"]
[SourceVersion "1"]
[SourceVersionDate "2013.11.20"]
[SourceQuality "1"]

1. e4 Nf6 2. e5 Nd5 3. c4 Nb6 4. Nc3 d6 5. f4 dxe5 6. fxe5 c5 7. d3 Nc6 8. Bf4 g6 9. Qd2 Bg7 10. Nf3 0-0 11. Bh6 Bg4 12. Bxg7 Kxg7 13. 0-0-0 Bxf3 14. gxf3 Nxe5 15. Be2 Nc6 16. h4 h5 17. Rdg1 Qd4 18. f4 Rad8 19. Rg3 Nxc4 20. Qe1 Qxf4+ 21. Kb1 Nd2+ 22. Ka1 Nb4 23. Bd1 Nxd3 24. Qg1 Qb4 25. Rxd3 Rxd3 26. a3 Qd4 27. Qg5 Rxc3 0-1

[Event "Foz do Iguacu op 3rd"]
[Site "Foz do Iguacu"]
[Date "2013.06.01"]
[Round "3"]
[White "De Oliveira, Licio Lopes"]
[Black "Popovicz, Sandro Jose"]
[Result "0-1"]
[WhiteElo "1589"]
[BlackElo "1944"]
[PlyCount "46"]
[EventDate "2013.05.31"]
[EventType "swiss"]
[EventRounds "6"]
[EventCountry "BRA"]
[SourceTitle "CBM 154 Extra"]
[Source "ChessBase"]
[SourceDate "2013.06.25"]
[SourceVersion "2"]
[SourceVersionDate "2013.06.25"]
[SourceQuality "1"]

1. e4 e5 2. Nf3 Nf6 3. Bc4 Nxe4 4. 0-0 d5 5. Bb3 Nc6 6. Ba4 Bd6 7. d4 exd4 8. Qxd4 0-0 9. Bxc6 bxc6 10. Nbd2 Ba6 11. Nxe4 dxe4 12. Qxe4 Bxf1 13. Kxf1 Qf6 14. c3 Qg6 15. Qxc6 Qd3+ 16. Ke1 Rae8+ 17. Be3 Bf4 18. b4 Bxe3 19. fxe3 Rxe3+ 20. Kf2 Rfe8 21. c4 Re2+ 22. Kg3 R2e6 23. Kh3 Qf5+ 0-1

[Event "Foz do Iguacu op 3rd"]
[Site "Foz do Iguacu"]
[Date "2013.05.31"]
[Round "1"]
[White "De Oliveira, Licio Lopes"]
[Black "Lukachewski Junior, Wanderlei"]
[Result "0-1"]
[WhiteElo "1589"]
[BlackElo "2058"]
[PlyCount "58"]
[EventDate "2013.05.31"]
[EventType "swiss"]
[EventRounds "6"]
[EventCountry "BRA"]
[SourceTitle "CBM 154 Extra"]
[Source "ChessBase"]
[SourceDate "2013.06.25"]
[SourceVersion "2"]
[SourceVersionDate "2013.06.25"]
[SourceQuality "1"]

1. d4 Nf6 2. e3 g6 3. Nf3 Bg7 4. Bd3 d5 5. 0-0 0-0 6. h3 b6 7. Re1 Bb7 8. Nh2 Nbd7 9. f4 c5 10. c3 Ne4 11. Bxe4 dxe4 12. Nd2 Qc7 13. Ndf1 Rad8 14. Qa4 f6 15. Qc4+ Rf7 16. d5 f5 17. d6 exd6 18. g4 d5 19. Qe2 d4 20. Bd2 Nf8 21. Ng3 Ne6 22. h4 dxe3 23. Qxe3 Nxf4 24. Ngf1 Nd3 25. Re2 f4 26. Qh3 f3 27. Re3 Nf4 28. Qg3 Rxd2 29. Rae1 Rg2+ 0-1